Promoción del turismo. (Record no. 122925)

MARC details
000 -LEADER
campo de control de longitud fija 00571nam a2200193 4500
001 - NÚMERO DE CONTROL
campo de control 122925
003 - IDENTIFICADOR DE NÚMERO DE CONTROL
campo de control ES-MaACL
005 - FECHA Y HORA DE LA ÚLTIMA TRANSACCIÓN
campo de control 20250811070647.0
007 - CAMPO FIJO DE DESCRIPCIÓN FÍSICA--INFORMACIÓN GENERAL
campo de control de longitud fija t|
008 - DATOS DE LONGITUD FIJA--INFORMACIÓN GENERAL
campo de control de longitud fija 070214s1966 sp r ||||0| spa d
245 00 - MENCIÓN DEL TÍTULO
Título Promoción del turismo.
260 ## - PUBLICACIÓN, DISTRIBUCIÓN, ETC.
Lugar de publicación, distribución, etc. Madrid :
Nombre del editor, distribuidor, etc. Subsecretaría de Turismo,
Fecha de publicación, distribución, etc. 1966.
300 ## - DESCRIPCIÓN FÍSICA
Extensión 172 p ;
Dimensiones 16 cm.
710 10 - ENTRADA AGREGADA--NOMBRE DE ENTIDAD CORPORATIVA
Nombre de entidad corporativa o nombre de jurisdicción como elemento de entrada España.
Unidad subordinada Ministerio de Información y Turismo
9 (RLIN) 3886
852 ## - LOCALIZACIÓN
Ubicación ES-MaACL
Número de control de estantería E-2550
Sublocalización o colección R.63864
852 ## - LOCALIZACIÓN
Ubicación ES-MaACL
Número de control de estantería C-36135
Sublocalización o colección R.65027
852 ## - LOCALIZACIÓN
Ubicación ES-MaACL
Número de control de estantería C-36134
Sublocalización o colección R.66902
Holdings
Estatus retirado Estado de pérdida Estado de daño No para préstamo Biblioteca de origen Biblioteca actual Ubicación en estantería Fecha de adquisición Fuente de adquisición Total de préstamos Signatura topográfica completa Código de barras Visto por última vez Precio de reemplazo Tipo de ítem Koha
        Biblioteca del Ateneo de Madrid Biblioteca del Ateneo de Madrid Depósito 2 17/01/2008     C-36134 1128093 23/02/2023 23/02/2023 Libro impreso
        Biblioteca del Ateneo de Madrid Biblioteca del Ateneo de Madrid Depósito 2 17/01/2008     E-2550 1128091 23/02/2023 23/02/2023 Libro impreso
        Biblioteca del Ateneo de Madrid Biblioteca del Ateneo de Madrid Depósito 2 17/01/2008     C-36135 1128092 23/02/2023 23/02/2023 Libro impreso